'Chamber of Secrets' Basilisk Victims Quiz Stats

 Plays Quiz Updated Nov 1, 2016

Score 0/6 Timer 01:30
2 Plays Today
Name % Correct
Hermione Granger
94.9%
Nearly Headless Nick
90%
Colin Creevey
89.7%
Mrs. Norris
84.9%
Justin Finch-Fletchley
58.5%
Penelope Clearwater
46.8%

You're not logged in!

Compare scores with friends on all Sporcle quizzes.
OR
Log In

Sporcle TV

Today on Sporcle TV


Watch our educational content, quiz creation guides, and fun videos on Sporcle TV.

Show Comments

Extras

Top Quizzes Today


Score Distribution

Your Account Isn't Verified!

In order to create a playlist on Sporcle, you need to verify the email address you used during registration. Go to your Sporcle Settings to finish the process.

Report this User

Report this user for behavior that violates our Community Guidelines.

Details: